Disney 6 - Statistics

Estatísticas Gerais
  • Esse quiz foi jogado 344 vezes
  • A pontuação média é 11 de 18
Estatísticas das Respostas
Hint Resposta % Correto
Qual o nome da bela adormecida? Aurora
97%
Que fruta a rainha má envenenou a Branca de neve? Maçã
95%
Que cor é o vestido da Rapunzel? Roxo
91%
Cristofer é namorado da... Anna
88%
Malévola é vilã da... Bela Adormecida
88%
Que tipo de animal é Úrsula? Polvo
87%
Qual o nome do irmão de Mufasa na história do Rei Leão? Scar
82%
Qual é o animal de Cristofer? Rena
80%
Qual é do animal de estimação da Rapunzel? Camaleão
79%
Qual o nome do pai do Pinóquio? Geppetto
78%
Em que animal Malévola se tranforma em A Bela Adormecida? Dragão
72%
Qual o nome da filha da Ariel, no filme A Pequena Sereia? Melody
47%
Qual é o nome dos sobrinhos do Pato Donald? Huguinho, Zezinho e Luisinho
35%
Qual é o nome do vilão da Princesa e o Sapo? Dr.Facilier
30%
Qual é o nome do tigre da Jasmine? Rajáh
23%
Qual o nome do vilão do filme As Peripécias de um Ratinho Detetive? Ratagão
17%
Qual o nome do pai da Mulan? Fa Zhou
14%
Nome do Dogue Alemão do filme Oliver e sua Turma? Einstein
10%
Nenhum quiz correspondente encontrado
Distribuição das Pontuações
Porcentagem de Pessoas com Cada Pontuação
Percentil de Números Respondidos
Sua Pontuação Histórica
Você não jogou esse quiz